DON'T CHECK OUT THIS BOOK!

Bibliographic Details
Main Author: Klise, Kate (Author)
Other Authors: Klise, M. Sarah (Illustrator)
Format: Book
Published: Chapel Hill, North Carolina : Algonquin Books of Chapel Hill 2021
Subjects:

MARC

LEADER 00000cam a2200000 7i4500
001 0000301270
005 20230213141039.0
006 #a# ### ###
007 t
008 220720t20212021xxua ###
020 |a 9781643751900 
040 |a MBPJ   |b eng   |c MBPJ   |e rda 
090 0 0 |a JF   |b KLI 
100 0 |a Klise, Kate ,   |e author 
245 1 0 |a DON'T CHECK OUT THIS BOOK!   |c KATE KLISE 
264 1 |a Chapel Hill, North Carolina :   |b Algonquin Books of Chapel Hill   |c 2021 
264 4 |c ©2021 
300 |a 131 :   |b black and white illustrations ;   |c 19 cm. 
336 |a text  |2 rdacontent 
337 |a unmediated  |2 rdamedia 
338 |a volume  |2 rdacarrier 
650 0 |a Children's stories 
700 1 |a Klise, M. Sarah ,   |e illustrator 
999 |a 00401997   |b BUKU   |c PINJAMAN   |e PERPUSTAKAAN KOMUNITI PETALING JAYA